000
00239nam a2200097Ia 4500
008
191206s9999 xx 000 0 und d
090
_a
QH505.B665
245
0
_a
Biological physics
260
_a
American Institute of Physics
260
_c
cc1974
999
_c
15552
_d
15552